UTAH STATE QUIZ! - Statistics

General Stats
  • This quiz has been taken 8 times
  • The average score is 2 of 5
Answer Stats
Utah Hints Utah Answers % Correct
Capital of Utah Salt Lake City
100%
The NBA Basketball Team for Utah Utah Jazz
88%
Mayor Of Salt Lake City Erin Mendenhall
13%
Population In Utah about 3.2 million
0%
The old WNBA basketball team for Utah was Called? Utah Starzz
0%
No matching quizzes found
Score Distribution
Percent of People with Each Score
Percentile by Number Answered
Your Score History
You have not taken this quiz